000 00758nam a22002537a 4500
001 122026
003 UA-OsUOA
005 20201223222534.0
007 ta
008 20170410b un ||||| |||| 00| 0 ukr d
040 _aUA-OsUOA
_brus
_cUA-OsUOA
_dUA-OsUOA
041 _arus
080 _a82.09
090 _a82.09
_bЯ64
100 _aЯновская Л.
245 _aТворческий путь Михаила Булгакова
260 _aМ.
_bСоветский писатель
_c1983
300 _a320 с.
591 _aДімаров А.
650 7 _a82 Література. Літературознавство
_2UDC
942 _cBK
_2udc
955 _a1
999 _c408078
_d408078